000 00958nam a2200277 a 4500
001 000025343
003 DO-SdBNP
005 20240626110845.0
008 240626s1981 dr ac 000 0 spa d
040 _aDO-SdBNP
_bspa
_cBNPHU
_erda
082 _a972.93053
_bF385c
_222
100 1 _aFerreras, Ramón Alberto
_eautor
_911298
245 1 0 _aCuando la era era era /
_cRamón Alberto Ferreras
250 _a2da. edición
264 _aSanto Domingo :
_bPublicaciones América,
_c1981
300 _a160 paginas. :
_bilustraciones., retratos. ;
_c22 cm.
336 _2rdacontent
_atexto
_btxt
337 _2rdamedia
_asin mediación
_bn
338 _2rdacarrier
_avolumen
_bnc
500 _aTomo III : otras anecdotas
590 _aInventariado, 2024/DG
650 4 _aPresos políticos
_xRelaciones personales
_zRepública Dominicana
_985828
650 4 _aRepública Dominicana
_xHistoria
_yEra de Trujillo*1930-1961
_985829
910 _aDG
942 _2ddc
_cLBS1
999 _c57013
_d57013